000 00350nam a2200133Ia 4500
008 240624s9999 xx 000 0 und d
041 _aeng
082 _a658.8 FIN
100 _aFINANCIAL TIMES
245 _aFINANCIAL TIMES MASTERING MARKETING THE
260 _c2003
_aNew Delhi
_bPearson Education
300 _aix, : 342 : p. : cm. ; 25
365 _cRS
999 _c525
_d525